In-A-Flash math: Get the math skills you need for high SAT and ACT assessment scores fast, easy and effective, 5th ed., 2002 (Record no. 7418)

000 -LEADER
fixed length control field 00826 a2200229 4500
020 ## - INTERNATIONAL STANDARD BOOK NUMBER
International Standard Book Number 0768908620
040 ## - CATALOGING SOURCE
Original cataloging agency DLC
Language of cataloging DLC
082 00 - DEWEY DECIMAL CLASSIFICATION NUMBER
Classification number 510/.76
245 00 - TITLE STATEMENT
Title In-A-Flash math: Get the math skills you need for high SAT and ACT assessment scores fast, easy and effective, 5th ed., 2002
Statement of responsibility, etc. Thomson
250 ## - EDITION STATEMENT
Edition statement 5th. ed.
260 ## - PUBLICATION, DISTRIBUTION, ETC.
Place of publication, distribution, etc. Lawrenceville, NJ :
Name of publisher, distributor, etc. Thomson/Peterson's,
Date of publication, distribution, etc. c2004.
300 ## - PHYSICAL DESCRIPTION
Extent iii, 162 p. :
Other physical details ill. ;
Dimensions 23 cm.
440 #0 - SERIES STATEMENT/ADDED ENTRY--TITLE
Title In-a-flash
500 ## - GENERAL NOTE
General note Previous editions published as: Math / by Michael R. Crystal. c2002.
500 ## - GENERAL NOTE
General note "Build your skills for the SAT and ACT assessment"--Cover.
500 ## - GENERAL NOTE
General note Includes index.
650 #0 - SUBJECT ADDED ENTRY--TOPICAL TERM
Topical term or geographic name entry element Mathematics
General subdivision Examinations
650 #0 - SUBJECT ADDED ENTRY--TOPICAL TERM
Topical term or geographic name entry element SAT (Educational test)
650 #0 - SUBJECT ADDED ENTRY--TOPICAL TERM
Topical term or geographic name entry element ACT Assessment
700 1# - ADDED ENTRY--PERSONAL NAME
Personal name Crystal, Michael R.,
Dates associated with a name 1964-
942 ## - ADDED ENTRY ELEMENTS (KOHA)
Koha item type Book
Call number prefix 510.76 CRY
Source of classification or shelving scheme
Holdings
Withdrawn status Lost status Damaged status Not for loan Collection code Permanent Location Current Location Shelving location Date acquired Source of acquisition Cost, normal purchase price Total Checkouts Full call number Barcode Date last seen Date last checked out Price effective from Koha item type
          Central Library (CL) Central Library (CL) General Stacks 09/20/2003 Allied Book Company 550.27 2 510.76 CRY SEECS003817 02/23/2016 01/15/2016 01/05/2017 Book
© 2023 Central Library, National University of Sciences and Technology. All Rights Reserved.